[Event "Samara Polugaevsky Memorial 7th"]
[Site "Samara"]
[Date "2017.07.10"]
[Round "3"]
[White "Simonov, Stanislav"]
[Black "Maznov, Sergey"]
[Result "1-0"]
[WhiteElo "2347"]
[BlackElo "2090"]
[PlyCount "81"]
[EventDate "2017.07.08"]
[EventType "swiss"]
[EventRounds "9"]
[EventCountry "RUS"]
[SourceTitle "EXT 2018"]
[Source "ChessBase"]
[SourceDate "2017.10.13"]
[SourceVersion "1"]
[SourceVersionDate "2017.10.13"]
[SourceQuality "1"]

1. e4 e6 2. d4 d5 3. Nc3 dxe4 4. Nxe4 Bd7 5. Nf3 Bc6 6. Bd3 Nd7 7. Qe2 Ngf6 8. Ned2 Be7 9. 0-0 Nd5 10. Nc4 Nb4 11. Be4 Nf6 12. Bxc6+ Nxc6 13. c3 0-0 14. Re1 h6 15. a4 Nd5 16. a5 a6 17. Qc2 b5 18. axb6 cxb6 19. Qe4 b5 20. Ne3 Nxe3 21. Bxe3 Qc7 22. Qg4 Kh7 23. Qh5 Bd6 24. h4 Ne7 25. Bg5 Nf5 26. Bd2 Bf4 27. Qg4 Bxd2 28. Nxd2 a5 29. Ne4 Qd8 30. h5 a4 31. Rad1 Ne7 32. Nc5 Nd5 33. Rd3 Nf6 34. Qe2 Qd5 35. Rh3 b4 36. Nxa4 Rxa4 37. Qc2+ Qf5 38. Qxa4 bxc3 39. bxc3 Nxh5 40. Qb4 Ra8 41. Qb1 1-0

[Event "Samara Polugaevsky Memorial 6th"]
[Site "Samara"]
[Date "2016.07.10"]
[Round "8"]
[White "Palin, Denis"]
[Black "Maznov, Sergey"]
[Result "1-0"]
[WhiteElo "2194"]
[BlackElo "2093"]
[PlyCount "103"]
[EventDate "2016.07.03"]
[EventType "swiss"]
[EventRounds "9"]
[EventCountry "RUS"]
[SourceTitle "EXT 2019"]
[Source "ChessBase"]
[SourceDate "2018.10.10"]
[SourceVersion "1"]
[SourceVersionDate "2018.10.10"]
[SourceQuality "1"]

1. f4 d5 2. b3 e6 3. Bb2 f5 4. Nf3 Nf6 5. g3 Bd6 6. Bg2 0-0 7. 0-0 b6 8. e3 Bb7 9. Qe2 c5 10. d3 Nc6 11. Nbd2 Qe7 12. e4 Bc7 13. exf5 exf5 14. Qxe7 Nxe7 15. Ng5 Bd6 16. Nc4 Rfd8 17. Rae1 Nc8 18. Nxd6 Rxd6 19. Bh3 g6 20. Ne6 d4 21. c3 dxc3 22. Bxc3 Nd5 23. Ba1 Nce7 24. d4 cxd4 25. Nxd4 a6 26. Bg2 Kf7 27. Nf3 Rc8 28. Bb2 b5 29. Re2 Ba8 30. Rfe1 Kf8 31. Ng5 h6 32. Ne6+ Kf7 33. Nd4 Ng8 34. Nf3 Kf8 35. Rd2 Rdd8 36. Red1 Ke8 37. Ne5 Nge7 38. Ba3 b4 39. Bb2 Nb6 40. Rxd8+ Rxd8 41. Rxd8+ Kxd8 42. Bd4 Nbd5 43. Bc5 a5 44. Nc4 Bc6 45. Nxa5 Bb5 46. Nc4 Bxc4 47. bxc4 Nc3 48. Bxb4 Nxa2 49. Bd2 Kc7 50. Kf2 Nc6 51. Bxc6 Kxc6 52. Ke3 1-0

[Event "Samara Polugaevsky Memorial 6th"]
[Site "Samara"]
[Date "2016.07.07"]
[Round "5"]
[White "Maznov, Sergey"]
[Black "Privorotsky, Oleg1111"]
[Result "1/2-1/2"]
[WhiteElo "2093"]
[BlackElo "1930"]
[PlyCount "120"]
[EventDate "2016.07.03"]
[EventType "swiss"]
[EventRounds "9"]
[EventCountry "RUS"]
[SourceTitle "EXT 2019"]
[Source "ChessBase"]
[SourceDate "2018.10.10"]
[SourceVersion "1"]
[SourceVersionDate "2018.10.10"]
[SourceQuality "1"]

1. d4 d5 2. Nf3 Nf6 3. c4 dxc4 4. Nc3 Bf5 5. Qa4+ c6 6. Qxc4 Nbd7 7. g3 h6 8. Bg2 e6 9. Bf4 Be7 10. 0-0 0-0 11. Qb3 Qb6 12. Qxb6 Nxb6 13. h3 Rfd8 14. g4 Bh7 15. Rfd1 Nc4 16. b3 Bb4 17. Na4 Na3 18. Bd2 Be7 19. Bc3 Nd5 20. Bb2 Nc2 21. Rac1 Ncb4 22. Ra1 Bf6 23. a3 Na6 24. Rac1 Nf4 25. Bf1 Nc7 26. e3 Nfd5 27. Nd2 Rac8 28. Nc5 Rb8 29. Bg2 Be7 30. Nc4 b6 31. Nd3 Bxd3 32. Rxd3 f6 33. Nd2 c5 34. Nf3 Kf7 35. Rd2 a5 36. Bf1 Rbc8 37. Rdc2 Ra8 38. e4 Nf4 39. b4 axb4 40. axb4 Na6 41. Bxa6 Rxa6 42. bxc5 bxc5 43. dxc5 Nd3 44. Rd1 Ra2 45. Rdd2 Bxc5 46. Rxc5 Nxc5 47. Rxd8 Rxb2 48. Nd2 Ke7 49. Rd4 e5 50. Rd5 Ne6 51. Nc4 Rb4 52. Nd6 Nf4 53. Nf5+ Ke8 54. Ra5 Nxh3+ 55. Kg2 Nf4+ 56. Kh2 g6 57. Ra8+ Kd7 58. Ra7+ Kc6 59. Nxh6 Rxe4 60. Ra6+ Kd5 1/2-1/2

[Event "Moscow op-B 04th"]
[Site "Moscow"]
[Date "2008.02.08"]
[Round "7"]
[White "Shcherbin, Matvei"]
[Black "Maznov, Sergey"]
[Result "1-0"]
[WhiteElo "2229"]
[BlackElo "2062"]
[PlyCount "63"]
[EventDate "2008.02.02"]
[EventType "swiss"]
[EventRounds "9"]
[EventCountry "RUS"]
[SourceTitle "CBM 122 Extra"]
[Source "ChessBase"]
[SourceDate "2008.03.04"]
[SourceVersion "1"]
[SourceVersionDate "2008.03.04"]
[SourceQuality "1"]

1. e4 e6 2. d4 d5 3. e5 Ne7 4. Nf3 c5 5. c3 Nbc6 6. a3 cxd4 7. cxd4 Bd7 8. Nc3 Nf5 9. b4 Be7 10. Be3 0-0 11. Bd3 Nxe3 12. fxe3 Bh4+ 13. g3 Bg5 14. Qe2 a6 15. 0-0 Be7 16. e4 dxe4 17. Bxe4 Rc8 18. Qd3 g6 19. Rad1 Qc7 20. Ne2 Rfd8 21. Qe3 Be8 22. Nf4 Rd7 23. Kg2 Rcd8 24. h4 Qb6 25. h5 Bf8 26. hxg6 hxg6 27. Rh1 Bg7 28. Bxg6 fxg6 29. Nxe6 Nxd4 30. Nxd8 Rxd8 31. Rxd4 Rc8 32. Rhd1 1-0

[Event "St Petersburg White Nights op"]
[Site "St Petersburg"]
[Date "2006.06.26"]
[Round "4"]
[White "Serov, Maksim"]
[Black "Maznov, Sergey"]
[Result "1-0"]
[WhiteElo "2263"]
[BlackElo "2064"]
[PlyCount "65"]
[EventDate "2006.06.23"]
[EventType "swiss"]
[EventRounds "9"]
[EventCountry "RUS"]
[SourceTitle "CBM 112 Extra"]
[Source "ChessBase"]
[SourceDate "2006.07.14"]
[SourceVersion "1"]
[SourceVersionDate "2006.07.14"]
[SourceQuality "1"]

1. d4 e6 2. g3 d5 3. Bg2 f5 4. c4 Nf6 5. Nf3 c6 6. 0-0 Be7 7. b3 0-0 8. Ba3 Ne4 9. Ne5 Nd7 10. Nd3 dxc4 11. bxc4 Bxa3 12. Nxa3 Qe7 13. Nc2 e5 14. e3 exd4 15. exd4 Nb6 16. Re1 Qf6 17. f3 Ng5 18. f4 Nf7 19. Ne5 Be6 20. d5 cxd5 21. cxd5 Bd7 22. Nd4 Qd6 23. a4 Rfe8 24. a5 Nxd5 25. Nxf5 Qc5+ 26. Qd4 Qxd4+ 27. Nxd4 Nf6 28. Nxd7 Nxd7 29. Bxb7 Rxe1+ 30. Rxe1 Rd8 31. Nc6 Rf8 32. Nxa7 Nf6 33. a6 1-0

[Event "St Petersburg White Nights op"]
[Site "St Petersburg"]
[Date "2006.06.25"]
[Round "3"]
[White "Maznov, Sergey"]
[Black "Borisova, Elizaveta"]
[Result "1-0"]
[WhiteElo "2064"]
[BlackElo "2214"]
[PlyCount "63"]
[EventDate "2006.06.23"]
[EventType "swiss"]
[EventRounds "9"]
[EventCountry "RUS"]
[SourceTitle "CBM 112 Extra"]
[Source "ChessBase"]
[SourceDate "2006.07.14"]
[SourceVersion "1"]
[SourceVersionDate "2006.07.14"]
[SourceQuality "1"]

1. d4 Nf6 2. e3 c5 3. f4 b6 4. Nf3 g6 5. Bd3 Bb7 6. 0-0 Bg7 7. c3 0-0 8. Nbd2 Nd5 9. Nc4 Qc7 10. Nce5 cxd4 11. cxd4 d6 12. Ng4 Nb4 13. Be2 Bd5 14. Bd2 a5 15. a3 N4a6 16. b4 axb4 17. axb4 Qb7 18. b5 Nc7 19. Rxa8 Qxa8 20. Qc2 Ne6 21. Nf2 Nd7 22. Rc1 Nf6 23. f5 gxf5 24. Qxf5 Ne4 25. Bd3 Nf6 26. e4 Bb7 27. e5 Nxd4 28. Nxd4 dxe5 29. Nc6 Bxc6 30. bxc6 Qa2 31. Ng4 Rd8 32. c7 1-0

[Event "Chigorin Memorial 13th"]
[Site "St Petersburg"]
[Date "2005.10.20"]
[Round "6"]
[White "Maznov, Sergey"]
[Black "Kuznetsova, Tatiana"]
[Result "1/2-1/2"]
[WhiteElo "2108"]
[BlackElo "2030"]
[PlyCount "154"]
[EventDate "2005.10.15"]
[EventType "swiss"]
[EventRounds "9"]
[EventCountry "RUS"]
[SourceTitle "CBM 108 Extra"]
[Source "ChessBase"]
[SourceDate "2005.11.04"]
[SourceVersion "1"]
[SourceVersionDate "2005.11.04"]
[SourceQuality "1"]

1. d4 d5 2. e3 Bf5 3. f4 e6 4. Nf3 Nf6 5. Be2 Nbd7 6. 0-0 c5 7. Kh1 Rc8 8. c3 Be7 9. Rg1 h6 10. Qe1 Ne4 11. Nbd2 Ndf6 12. Bb5+ Kf8 13. Be2 Rg8 14. Ne5 c4 15. Bf3 g5 16. g4 Bh7 17. Qe2 Nxd2 18. Bxd2 Ne4 19. Bxe4 Bxe4+ 20. Nf3 Ke8 21. Be1 gxf4 22. exf4 Kd7 23. h3 Bd6 24. Bg3 Qc7 25. Kh2 f6 26. Nd2 Bd3 27. Qf3 f5 28. b3 Rcf8 29. bxc4 dxc4 30. d5 fxg4 31. dxe6+ Ke8 32. hxg4 Bxf4 33. Ne4 Bxg3+ 34. Qxg3 Qxg3+ 35. Nxg3 Rxg4 36. Rae1 Ke7 37. Ne2 Rf2+ 38. Kh3 Rxg1 39. Nxg1 Rxa2 40. Nf3 Bf5+ 41. Kg3 Bxe6 42. Nd4 Ra6 43. Nf5+ Kf6 44. Nd4 h5 45. Rf1+ Kg6 46. Rb1 Bd5 47. Rb5 Rd6 48. Ra5 a6 49. Kf4 Kf6 50. Nf5 Rd8 51. Ne3 Bf7 52. Rf5+ Ke7 53. Re5+ Kd7 54. Rf5 Ke7 55. Re5+ Kf8 56. Nf5 Rd3 57. Kg5 b5 58. Rc5 Be6 59. Nd4 Bd7 60. Kf6 Bg4 61. Rc6 Ke8 62. Rxa6 Rxc3 63. Nxb5 Rf3+ 64. Kg6 Rg3 65. Kf6 Be2 66. Re6+ Kd7 67. Rxe2 h4 68. Re4 h3 69. Rxc4 h2 70. Rc7+ Kd8 71. Rh7 Rb3 72. Nd4 Rb6+ 73. Ke5 Rb1 74. Rxh2 Kc7 75. Rh6 Ra1 76. Kd5 Ra5+ 77. Kc4 Ra4+ 1/2-1/2

[Event "Chigorin Memorial 13th"]
[Site "St Petersburg"]
[Date "2005.10.15"]
[Round "1"]
[White "Maznov, Sergey"]
[Black "Kirusha, Andrey"]
[Result "0-1"]
[WhiteElo "2108"]
[BlackElo "2393"]
[PlyCount "84"]
[EventDate "2005.10.15"]
[EventType "swiss"]
[EventRounds "9"]
[EventCountry "RUS"]
[SourceTitle "CBM 108 Extra"]
[Source "ChessBase"]
[SourceDate "2005.11.04"]
[SourceVersion "1"]
[SourceVersionDate "2005.11.04"]
[SourceQuality "1"]

1. e3 e5 2. d4 exd4 3. exd4 d5 4. Bd3 Bd6 5. Nf3 Nf6 6. 0-0 0-0 7. Bg5 Bg4 8. Nc3 c6 9. h3 Bh5 10. Bf5 Nbd7 11. Bxd7 Qxd7 12. Bxf6 gxf6 13. Qd3 Bg6 14. Qd2 Qf5 15. Ne1 Bf4 16. Qd1 Rae8 17. Qf3 Bd2 18. Qxf5 Bxf5 19. Na4 Re2 20. g4 Bg6 21. Nd3 Rfe8 22. Rad1 b6 23. Nc1 Bxc2 24. Nxe2 Rxe2 25. b3 Bxd1 26. Rxd1 Bf4 27. Rd3 Rxa2 28. Kg2 Rd2 29. Rc3 b5 30. Nc5 b4 31. Rf3 Rxd4 32. Nd3 Bd6 33. Rxf6 Be7 34. Rf3 Bd6 35. Kf1 c5 36. Ke2 c4 37. Ne1 a5 38. Nc2 Re4+ 39. Kd1 a4 40. bxa4 b3 41. Ne3 Rd4+ 42. Kc1 Ba3+ 0-1

[Event "St Petersburg White Nights op"]
[Site "St Petersburg"]
[Date "2004.??.??"]
[Round "8"]
[White "Timchenko, Aleksandr"]
[Black "Maznov, Sergey"]
[Result "1-0"]
[WhiteElo "2060"]
[BlackElo "2178"]
[PlyCount "79"]
[EventDate "2004.06.??"]
[EventType "swiss"]
[EventRounds "9"]
[EventCountry "RUS"]
[SourceTitle "CBM 100 Extra"]
[Source "ChessBase"]
[SourceDate "2004.07.06"]
[SourceVersion "2"]
[SourceVersionDate "2004.07.06"]
[SourceQuality "1"]

1. c4 e6 2. Nc3 d5 3. g3 c6 4. Bg2 Bd6 5. d4 f5 6. Nh3 Nf6 7. 0-0 0-0 8. Bf4 b6 9. Rc1 Bb7 10. a3 Qe7 11. Qb3 Nbd7 12. c5 Bxf4 13. Nxf4 b5 14. Nxb5 cxb5 15. c6 Ba6 16. cxd7 Qxd7 17. Qe3 Rfe8 18. Nd3 Rac8 19. Rxc8 Bxc8 20. Rc1 Qd6 21. Qe5 Qxe5 22. Nxe5 Nd7 23. Nxd7 Bxd7 24. Rc7 Re7 25. Rxa7 Kf7 26. e3 Be8 27. Rxe7+ Kxe7 28. Kf1 Kd6 29. Ke2 g5 30. Kd3 h6 31. Kc3 Kc6 32. Kb4 Kb6 33. Bf1 Bd7 34. Be2 Be8 35. b3 Bd7 36. Bh5 Bc6 37. Bf7 Bd7 38. a4 bxa4 39. bxa4 Bc8 40. Be8 1-0